000 00502cam a2200169 a 4500
020 _a007238333X
040 _cDLC
082 0 0 _a657 MCG 2000 A042 Or.
100 1 _aYacht, Carol.
245 1 0 _aComputer accounting with Peachtree for Microsoft Windows :
_brelease 7.0 /
250 _a4th ed.
260 _aBoston :
_bMcGraw-Hill,
_cc2000.
300 _axvii, 692 p. :
_bill. ;
_c28 cm. +
_e1 computer laser optical disc. (4 3/4 in.)
500 _aIncludes index.
650 0 _aAccounting
942 _cEK
999 _c12667
_d12667